000 01016nam a2200241 i 4500
001 40192
003 ES-MaACL
005 20230906160146.0
007 t|
008 030305s1947 sp ||||1| spa d
100 1 _aCardelús Carrera, Miguel.
_935124
245 1 3 _aLa celulosa y sus aplicaciones /
_cpor Miguel Cardelús Carrera.
260 _aMadrid :
_bEscuela Especial de Ingenieros Industriales,
_c1947 (
_fNuevas Gráficas)
300 _aIX, 320 p., 6 lám. :
_bil.
505 8 _aContiene con portada propia: La celulosa / Miguel Cardelús Carrera. -- Fabricación con papel / por Julio Carrera Riera. -- La preparación industrial de las celulosas / por León Bergada Girona.
700 1 _aCarrera Riera, Julio.
_935643
700 1 _aBergada Girona, León.
_927921
710 2 _aEscuela Central de Ingenieros Industriales (Madrid)
_93568
740 3 _aLa celulosa.
740 0 _aFabricación de papel.
740 3 _aLa preparación industrial de las celulosas.
852 _aES-MaACL
_jD-7191
_bR.30112
999 _c40192
_d40192